• 首页
  • 本馆介绍
  • 公告通知
  • 最新文献
  • 馆藏检索
  • 电子资源
  • 读者导购
  • 参考咨询
  • 我的图书馆
  • 登录
  • 详细信息显示
  • 放入我的书架
  • 预约/预借图书
  • 作者相关作品
  • 分类相关作品
  • 丛书相关作品
  • 出版社相关作品

书目信息

  • 表格格式
  • 工作单格式
  • 卡片格式
题名:
临床医嘱手册
    
 
作者: 刘乃丰 , 孙子林 主编
分册:  
出版信息: 南京   江苏科学技术出版社  2002.10
页数: 494页
开本: 19cm
丛书名: 临床医嘱丛书
单 册:
中图分类: R4-62
科图分类:
主题词: 临床医学
电子资源:
ISBN: 7-5345-3767-3
000 00693nam0 2200241 450
001 0356708581
005 20031204154508.42
010    @a7-5345-3767-3@dCNY24.00
100    @a20031204d2002 km y0chiy0120 ea
101 0  @achi
102    @aCN@b320000
200 1  @a临床医嘱手册@Alin chuang yi zhu shou ce@f刘乃丰,孙子林主编@Fliu nai feng,sun zi lin zhu bian
205    @a3版
210    @a南京@c江苏科学技术出版社@d2002.10
215    @a494页@d19cm
225 2  @a临床医嘱丛书
410  0 @12001 @a临床医嘱丛书
606 0  @a临床医学
690    @aR4-62@v3
701  0 @a刘乃丰@Aliu nai feng@4主编
701  0 @a孙子林@Asun zi lin@4主编
801  0 @aCN@bPFT@c20031204
905    @aBZT@dR4-62@e1@f10
    
    临床医嘱手册/刘乃丰,孙子林主编.-3版.-南京:江苏科学技术出版社,2002.10
    494页;19cm.-(临床医嘱丛书)
    
    
    ISBN 7-5345-3767-3:CNY24.00
    
●
相关链接 在五车中查询图书 在当当中查询图书 在豆瓣中查询图书


正题名:临床医嘱手册     索取号:R4-62/1         预约/预借

序号 登录号 条形码 馆藏地/架位号 状态 备注
1 0355389   230078796   中心书库中库/ 中库007架A面6列2层1/ [索取号:R4-62/1] 在馆    
2 0355390   230078795   中心书库中库/ 中库007架A面6列2层5/ [索取号:R4-62/1] 在馆    
3 0355391   200270312   中心书库中库/ 中库007架A面6列2层8/ [索取号:R4-62/1] 在馆    
4 0355392   200270303   中心书库中库/ 中库007架A面6列2层9/ [索取号:R4-62/1] 在馆    
5 0355393   230078798   中心书库中库/ 中库007架A面6列2层6/ [索取号:R4-62/1] 在馆    
6 0355394   200270330   中心书库中库/ 中库007架A面6列2层7/ [索取号:R4-62/1] 在馆    
7 0355395   230078793   中心书库中库/ 中库007架A面6列2层3/ [索取号:R4-62/1] 在馆    
8 0355396   230078794   中心书库中库/ 中库007架A面6列2层2/ [索取号:R4-62/1] 在馆    
9 0355397   200270321   中心书库中库/ 中库007架A面6列2层4/ [索取号:R4-62/1] 在馆    
10 2001740395   2001740395   样本书库/样005架B面4层2列/ [索取号:R4-62/1] 在馆    
山东省滨州职业学院图书馆 欢迎您!
大连网信软件有限公司© 版权所有